| 000 | 00859nam a2200229 a 4500 | ||
|---|---|---|---|
| 999 |
_c7187 _d7187 |
||
| 001 | 7187 | ||
| 003 | BD-JhCC | ||
| 005 | 20180207130032.0 | ||
| 008 | 171220s2010 bg |||| ||a| 000 0 m d | ||
| 020 | _a9847015601621 | ||
| 035 | _a(BD-JhCC)7187 | ||
| 040 |
_aBD-JhCC _dBD-JhCC |
||
| 041 | _aben | ||
| 082 |
_a891.4435 _bBAN 2010 |
||
| 245 |
_aবঙ্গবন্ধু হত্যা মামলা : _bপ্রাথমিক তথ্য-বিবরণী থেকে চূড়ান্ত রায় / _cস্বপন দাশগুপ্ত (সম্পাদিত) |
||
| 260 |
_aঢাকা : _bমাওলা ব্রাদার্স, _c2010. |
||
| 300 |
_a799 p. : _c22 cm. |
||
| 650 | _aDetective and mystery Stories | ||
| 700 | _aদাশগুপ্ত, স্বপন | ||
| 942 |
_2ddc _cBK |
||